| 000 | 00865cam a22002895a 4500 | ||
|---|---|---|---|
| 001 | 016859415 | ||
| 003 | OSt | ||
| 005 | 20151102101818.0 | ||
| 008 | 140903t2015 enka frb 001 0 eng d | ||
| 020 | _a9781292004846 (paperback) | ||
| 020 | _a1292004843 (paperback) | ||
| 040 |
_aUk _beng _cUk _dEG-ScBUE _dEG-ScBUE |
||
| 082 | 0 | 4 |
_a658.5 _bMUR _222 |
| 100 | 1 |
_aMurphy, Paul Regis. _938629 |
|
| 245 | 1 | 0 |
_aContemporary logistics / _cPaul R. Murphy, A. Michael Knemeyer. |
| 250 | _a11th ed., Global ed. | ||
| 260 |
_aHarlow : _bPearson Education Limited, _cc.2015. |
||
| 300 |
_a317 p. : _bill. ; _c26 cm. |
||
| 500 | _aIncludes indexes. | ||
| 500 | _aIncludes glossary. | ||
| 504 | _aIncludes bibliographical references. | ||
| 650 | _2BUEsh | ||
| 651 | _2BUEsh | ||
| 653 |
_bBUSADM _cJune2015 |
||
| 700 | 1 | _aKnemeyer, A. Michael. | |
| 942 |
_2ddc _k658.5 MUR |
||
| 999 |
_c19939 _d19911 |
||